000 00660nam a22002297a 4500
005 20250228082358.0
008 250228b |||||||| |||| 00| 0 eng d
020 _a9789358497793
040 _aIN-DiNC
_cIN-DiNC
041 _dasm
082 _a371.9046
_bANT
245 _aAntarbhuktikrita shiksha (Major8)/
_cby Nabanita Deka and others
250 _a1st ed.
260 _aDibrugarh:
_bBanalata,
_c2025.
300 _a384p.
650 _aInclusive education (Major8)
700 _aDeka, Nabanita
_eauthor
700 _aSonowal, Puranjay
_eauthor
700 _aRajkhowa, Porag
_eauthor
700 _aBuragohain, Purbomanjuri
_eauthor
942 _2ddc
_cBK
999 _c12089
_d12089